Shanghai County Level Divisions - Statistics

General Stats
  • This quiz has been taken 14 times
  • The average score is 14 of 16
Answer Stats
Answer % Correct
Pudong
100%
Baoshan
89%
Changning
89%
Fengxian
89%
Hongkou
89%
Huangpu
89%
Jiading
89%
Jing'an
89%
Jinshan
89%
Minhang
89%
Putuo
89%
Qingpu
89%
Xuhui
89%
Yangpu
89%
Chongming
78%
Songjiang
78%
No matching quizzes found
Score Distribution
Percent of People with Each Score
Percentile by Number Answered
Your Score History
You have not taken this quiz